ბათუმის შოთა რუსთაველის სახელმწიფო უნივერსიტეტის ბიბლიოთეკა

Золотые украшения гуннской эпохи / (ბიბ.ჩანაწერი № 60780)

000 -LEADER
fixed length control field 00588nam a22001577a 4500
005 - DATE AND TIME OF LATEST TRANSACTION
control field 20231020121331.0
008 - FIXED-LENGTH DATA ELEMENTS--GENERAL INFORMATION
fixed length control field 231020s1975 ru ||||| |||| 00| 0 rus d
041 ## - LANGUAGE CODE
Language code of text/sound track or separate title rus
080 ## - UNIVERSAL DECIMAL CLASSIFICATION NUMBER
Universal Decimal Classification number 739(091)(069) З-36
100 ## - MAIN ENTRY--PERSONAL NAME
Personal name Засецкая, И.П.
9 (RLIN) 20162
245 ## - TITLE STATEMENT
Title Золотые украшения гуннской эпохи /
Statement of responsibility, etc. И.П. Засецкая.
264 ## - PRODUCTION, PUBLICATION, DISTRIBUTION, MANUFACTURE, AND COPYRIGHT NOTICE
Place of production, publication, distribution, manufacture Ленинград :
Name of producer, publisher, distributor, manufacturer «Аврора».
Date of production, publication, distribution, manufacture, or copyright notice 1975.
300 ## - PHYSICAL DESCRIPTION
Extent 80 стр. :
Other physical details ил.;
Dimensions 22 см.
653 ## - INDEX TERM--UNCONTROLLED
keyword ჰუნების ეპოქის ოქროს სამკაულები
942 ## - ADDED ENTRY ELEMENTS (KOHA)
Source of classification or shelving scheme
Koha item type წიგნი
ეგზემპლარები
Withdrawn status Lost status Source of classification or shelving scheme Damaged status Not for loan Permanent Location Current Location Shelving location Date acquired Cost, normal purchase price Inventory number Full call number Barcode Date last seen Copy number Uniform Resource Identifier Price effective from Koha item type Public note
          ბათუმის შოთა რუსთაველის სახელმწიფო უნივერსიტეტის მთავარი ბიბლიოთეკა ბათუმის შოთა რუსთაველის სახელმწიფო უნივერსიტეტის მთავარი ბიბლიოთეკა წიგნსაცავი 2023-10-20 5.00 739(091)(069) З-36 65358 2023-10-20 65358 ბსუ-ს საპატიო დოქტორის გურამ ლორთქიფანიძის საჩუქარი 2023-10-20 წიგნი 5 ლ.